Statistics for Words That Sound Dirty But Aren't

Click here to take the quiz!

General Stats

  • This quiz has been taken 65 times
  • The average score is 6 of 18

Answer Stats

HintAnswer% Correct
Where pilots sitCockpit
82%
A bird that uses its beak to bore holes in treesWoodpecker
82%
Capital of ThailandBangkok
80%
Badminton equipment.Shuttlecock
69%
The hole at the top of the head through which a whale breathes air.Blowhole
57%
What Tom Jones might call his pet feline.Pussycat
54%
Fleshy thing that hangs down in the back of the throat.Uvula
52%
Chest pain or pressureAngina
31%
A waterproof filler and sealant, used in building work and repairs.Caulk
23%
Small device able to be connected to a computer, perhaps to allow access to wireless broadband.Dongle
21%
Edible mushroom native to East AsiaShiitake
20%
An orange-like fruit related to the citruses, with an edible sweet rind and acid pulp.Kumquat
13%
Lying stretched out on the ground facing downwards.Prostrate
11%
Act in a non-committal or cautious way.Pussyfoot
5%
Realting to drama or theaterThespian
5%
Small songbird, like the chickadee, of North AmericaTitmouse
5%
An American fast casual, franchised restaurant chain that specializes in hamburgers.Fuddruckers
3%
The waxy substance found in the head of particular whalesSpermaceti
3%

Score Distribution

Percentile by Number Answered

Percent of People with Each Score

Your Score History

You have not taken this quiz